| 000 | 00473nam a22001697a 4500 | ||
|---|---|---|---|
| 005 | 20260326143717.0 | ||
| 008 | 260326b |||||||| |||| 00| 0 eng d | ||
| 020 | _a978-93-87791-91-6 | ||
| 082 | _a327.540954 | ||
| 100 | _aSuresh Nambath [Ed.] | ||
| 245 |
_aMaoism in India : a Movement in decline _cSuresh Nambath [Ed.] |
||
| 250 | _a1st | ||
| 260 |
_aChennai _bTHG Publishing Private Ltd. _c2025 |
||
| 650 |
_vGeneral _xSocial Studies |
||
| 942 | _cBK | ||
| 999 |
_c249496 _d249496 |
||